000 00589nam a2200229Ia 4500
003 OSt
005 20220928112129.0
006 a|||||r|||| 00| 0
007 ta
008 220927b |||||||| |||| 00| 0 eng d
024 _a27555
037 _cTextual
040 _aSDCL
_cSDCL
_beng
041 _2eng
_aeng
082 _aQ20aN, N9
100 _aElgood Heather
_9426504
245 0 _aHinduism and the religious arts
260 _aLondon
_bCassell
_c1999
300 _aix,246p.
_ccm.
942 _hQ20aN, N9
_cTEXL
_2CC
999 _c743442
_d743442